01353nam a2200361 i 450000500170000000700030001700800410002002000180006104000350007904100130011408400110012710000390013824501180017725000220029526400330031730000390035033600270038933700330041633800280044952100630047753400160054054500710055665000490062765000490067665000380072565000360076365000300079965000380082970000520086770000420091994200150096199900150097620220317002030.0ta201110s2018 ck a br 000 jdspa d a9789583056710 aCO-BoRNBPbspaerdacCO-BoRNBP1 aspahfre aC CAU21 aCauchy, Véroniqued1969-eautora11a¡Qué desastre!ctextos de Véronique Cauchy ; ilustraciones Grégoire Mabire ; traducción Luisa Noguera A. aPrimera edición 1aBogotábPanamericanac2018 a30 páginasbilustracionesc23 cm 2rdacontentatextobtxt 2rdamediaasin mediaciónbn 2rdacarrieravolumenbnc aRecomendado para un público infantil mayor de 9 años  tQuel bazar! aIncluye datos biográficos de la autora e ilustrador en la solapa172LEMBaCuentos infantiles francesesySiglo XX172LEMBaLiteratura infantil francesaySiglo XX172LEMBaAutores francesesySiglo XX172LEMBaLibros y lecturavCuentos172LEMBaFantasíavCuentos172LEMBaNiños y animalesvCuentos1 a Mabire, Grégoire d1975-eilustrador91585521 aNoguera A., Luisaetraductora9158553 2loccBKLIT c8959d8959